[Event "San Francisco TNM Summer op"]
[Site "San Francisco"]
[Date "2011.07.05"]
[Round "7"]
[White "Smolensky, Randall K"]
[Black "Kleiman, Charles"]
[Result "1/2-1/2"]
[WhiteElo "1859"]
[BlackElo "1858"]
[PlyCount "66"]
[EventDate "2011.05.24"]
[EventType "swiss"]
[EventRounds "8"]
[EventCountry "USA"]
[SourceTitle "EXT 2016"]
[Source "ChessBase"]
[SourceDate "2015.10.08"]
[SourceVersion "1"]
[SourceVersionDate "2015.10.08"]
[SourceQuality "1"]

1. e4 d5 2. exd5 Nf6 3. Bb5+ Nbd7 4. d4 Nxd5 5. Nf3 c6 6. Bd3 Qc7 7. 0-0 Nf4 8. Re1 Nxd3 9. Qxd3 g6 10. c4 Bg7 11. Nc3 Nf6 12. Bd2 Bf5 13. Qe2 h5 14. Rac1 Rd8 15. d5 a6 16. Ne5 0-0 17. Bf4 Qc8 18. b4 Rfe8 19. dxc6 bxc6 20. Qf3 Rd6 21. Bg3 Re6 22. Na4 Nd7 23. Nxd7 Rxe1+ 24. Rxe1 Qxd7 25. Nc5 Qd2 26. Qe2 Qxe2 27. Rxe2 Bc8 28. h3 e6 29. Rd2 Bc3 30. Rd6 Bxb4 31. Rxc6 a5 32. Be5 Kf8 33. Rc7 Kg8 1/2-1/2

[Event "San Francisco TNM Summer op"]
[Site "San Francisco"]
[Date "2011.06.28"]
[Round "6"]
[White "Kleiman, Charles"]
[Black "Grey, Peter G"]
[Result "1/2-1/2"]
[WhiteElo "1858"]
[BlackElo "2006"]
[PlyCount "55"]
[EventDate "2011.05.24"]
[EventType "swiss"]
[EventRounds "8"]
[EventCountry "USA"]
[SourceTitle "EXT 2016"]
[Source "ChessBase"]
[SourceDate "2015.10.08"]
[SourceVersion "1"]
[SourceVersionDate "2015.10.08"]
[SourceQuality "1"]

1. d4 Nf6 2. Nf3 g6 3. g3 Bg7 4. Bg2 0-0 5. 0-0 d6 6. c4 Nc6 7. Nc3 a6 8. d5 Na5 9. Qd3 c5 10. Rb1 Rb8 11. b4 cxb4 12. Rxb4 Bd7 13. a4 b6 14. Be3 Bf5 15. Qd2 Qc7 16. Qa2 Rfc8 17. Nd4 Nxc4 18. Nxf5 gxf5 19. Bd4 Nd7 20. Bxg7 Kxg7 21. Rc1 Qc5 22. Rbb1 b5 23. axb5 axb5 24. Qc2 e6 25. e4 Na3 26. Qb2 e5 27. Ne2 Nc4 28. Qc2 1/2-1/2

[Event "San Francisco TNM Summer op"]
[Site "San Francisco"]
[Date "2011.06.07"]
[Round "3"]
[White "Oca Homer, Nicolas"]
[Black "Kleiman, Charles"]
[Result "1/2-1/2"]
[WhiteElo "1674"]
[BlackElo "1858"]
[PlyCount "115"]
[EventDate "2011.05.24"]
[EventType "swiss"]
[EventRounds "8"]
[EventCountry "USA"]
[SourceTitle "EXT 2016"]
[Source "ChessBase"]
[SourceDate "2015.10.08"]
[SourceVersion "1"]
[SourceVersionDate "2015.10.08"]
[SourceQuality "1"]

1. a3 d5 2. e3 c5 3. h3 Nc6 4. c4 d4 5. exd4 Nxd4 6. Nc3 Nf6 7. d3 Bf5 8. Nf3 Nc6 9. Bf4 Qd7 10. Nb5 Rc8 11. Be2 a6 12. Nc3 Rd8 13. 0-0 Bxd3 14. Bxd3 Qxd3 15. Qa4 Qf5 16. Bh2 Qc8 17. Rad1 Rxd1 18. Rxd1 e6 19. Ne5 Be7 20. Nxc6 Qxc6 21. Qxc6+ bxc6 22. Bd6 Nd7 23. b4 Nb6 24. b5 Nxc4 25. Bxe7 Kxe7 26. bxa6 Ra8 27. Na4 Rxa6 28. Nxc5 Rxa3 29. Rd7+ Kf6 30. Rc7 Ne5 31. f4 Ng6 32. f5 Ne5 33. fxe6 fxe6 34. Ne4+ Kg6 35. Nc5 Kf6 36. Ne4+ Kf5 37. Nd6+ Kg6 38. Ne8 Ra1+ 39. Kh2 Rd1 40. Rxg7+ Kh6 41. Re7 c5 42. Rxe6+ Ng6 43. Nf6 c4 44. Rc6 Rd4 45. Rc7 Ne5 46. Rc5 Nd3 47. Rc7 Ne1 48. Kg3 Kg6 49. Nxh7 Rd8 50. h4 c3 51. Kf2 c2 52. Nf8+ Kh5 53. Ne6 Rd1 54. Nf4+ Kxh4 55. Ne2 Kg5 56. Rc4 Kf5 57. g4+ Kg5 58. Ke3 1/2-1/2

[Event "San Francisco TNM Peter Grey op"]
[Site "San Francisco"]
[Date "2010.09.28"]
[Round "9"]
[White "Kleiman, Charles"]
[Black "MacIntyre, Brendan"]
[Result "1/2-1/2"]
[WhiteElo "1851"]
[BlackElo "1676"]
[PlyCount "75"]
[EventDate "2010.08.03"]
[EventType "swiss"]
[EventRounds "9"]
[EventCountry "USA"]
[SourceTitle "EXT 2012"]
[Source "ChessBase"]
[SourceDate "2011.11.24"]
[SourceVersion "1"]
[SourceVersionDate "2011.11.24"]
[SourceQuality "1"]

1. c4 e5 2. Nf3 Nc6 3. d3 Nf6 4. Nc3 Be7 5. g3 d5 6. cxd5 Nxd5 7. Bg2 Nf6 8. Qb3 0-0 9. 0-0 Rb8 10. Ng5 Nd4 11. Qa4 a6 12. e3 b5 13. Qd1 Ne6 14. Nxe6 Bxe6 15. d4 exd4 16. exd4 c5 17. Be3 cxd4 18. Bxd4 Nd5 19. Nxd5 Bxd5 20. Qg4 g6 21. Rfd1 Bxg2 22. Be5 Qc8 23. Qf4 Qb7 24. Bxb8 Bg5 25. Qxg5 Bh1 26. f3 Bxf3 27. Rd8 Qb6+ 28. Kf1 Rxd8 29. Ba7 Qd6 30. Qe3 Qf6 31. Qf2 Qc6 32. Be3 Qc4+ 33. Kg1 Bb7 34. b3 Qe4 35. Kf1 Rd3 36. Re1 Rd5 37. Bf4 Qh1+ 38. Qg1 1/2-1/2

[Event "San Francisco TNM Peter Grey op"]
[Site "San Francisco"]
[Date "2010.08.17"]
[Round "3"]
[White "Traub, Igor Vladimirovich"]
[Black "Kleiman, Charles"]
[Result "1-0"]
[WhiteElo "2124"]
[BlackElo "1851"]
[PlyCount "88"]
[EventDate "2010.08.03"]
[EventType "swiss"]
[EventRounds "9"]
[EventCountry "USA"]
[SourceTitle "EXT 2012"]
[Source "ChessBase"]
[SourceDate "2011.11.24"]
[SourceVersion "1"]
[SourceVersionDate "2011.11.24"]
[SourceQuality "1"]

1. e4 c5 2. Nf3 Nc6 3. d3 d6 4. g3 e5 5. Bg2 Nf6 6. h3 Be7 7. 0-0 h6 8. Nbd2 Be6 9. c3 Qd7 10. Kh2 0-0 11. Qe2 Rad8 12. c4 Nh7 13. Nb1 f5 14. exf5 Rxf5 15. Be3 Rdf8 16. Nc3 Bd8 17. a3 Qf7 18. Nd2 Bg5 19. Nde4 Qe7 20. Nxg5 Nxg5 21. f4 exf4 22. Bxf4 Nd4 23. Qd1 b6 24. Ne2 Nxe2 25. Qxe2 Qd7 26. h4 Nf7 27. Rae1 Rf6 28. b4 cxb4 29. axb4 a5 30. bxa5 bxa5 31. Ra1 a4 32. Rfb1 g5 33. Rb7 Qc8 34. hxg5 hxg5 35. Be3 Bg4 36. Qb2 Rh6+ 37. Kg1 Bd7 38. Rf1 Bc6 39. Rfxf7 Rxf7 40. Rb8 Qxb8 41. Qxb8+ Rf8 42. Qa7 Ra8 43. Qe7 Bxg2 44. Qxg5+ Kh7 1-0

[Event "San Francisco TNM Summer op"]
[Site "San Francisco"]
[Date "2010.06.22"]
[Round "5"]
[White "Kleiman, Charles"]
[Black "Traub, Igor Vladimirovich"]
[Result "1/2-1/2"]
[WhiteElo "1851"]
[BlackElo "2112"]
[PlyCount "70"]
[EventDate "2010.05.25"]
[EventType "swiss"]
[EventRounds "8"]
[EventCountry "USA"]
[SourceTitle "EXT 2012"]
[Source "ChessBase"]
[SourceDate "2011.11.24"]
[SourceVersion "1"]
[SourceVersionDate "2011.11.24"]
[SourceQuality "1"]

1. d4 d5 2. Bf4 c5 3. e3 Nc6 4. Nf3 Bg4 5. Be2 e6 6. 0-0 Bxf3 7. Bxf3 cxd4 8. exd4 Qb6 9. Be3 Qxb2 10. Nd2 Nxd4 11. c4 Nxf3+ 12. Qxf3 Qf6 13. cxd5 Qxf3 14. Nxf3 exd5 15. Rab1 b6 16. Rb5 Nf6 17. Bd4 Bc5 18. Re1+ Ne4 19. Bxc5 bxc5 20. Rxc5 0-0 21. Rxd5 Nc3 22. Ra5 Rfd8 23. Kf1 Kf8 24. Rc1 Nd5 25. Rcc5 Nf4 26. Rc1 Rd7 27. g3 Ne6 28. Ne5 Rb7 29. Rc4 f6 30. Nd3 Rd8 31. Nc5 Nxc5 32. Raxc5 Rd2 33. Rc8+ Ke7 34. R8c7+ Rd7 35. Rxd7+ Kxd7 1/2-1/2

[Event "San Francisco TNM Spring op"]
[Site "San Francisco"]
[Date "2010.04.27"]
[Round "7"]
[White "Kleiman, Charles"]
[Black "Periwal, Prashant"]
[Result "0-1"]
[WhiteElo "1742"]
[BlackElo "1839"]
[PlyCount "98"]
[EventDate "2010.03.16"]
[EventType "swiss"]
[EventRounds "8"]
[EventCountry "USA"]
[SourceTitle "EXT 2012"]
[Source "ChessBase"]
[SourceDate "2011.11.24"]
[SourceVersion "1"]
[SourceVersionDate "2011.11.24"]
[SourceQuality "1"]

1. d4 d5 2. c4 Nf6 3. Nc3 Nc6 4. Bf4 a6 5. e3 e6 6. Nf3 Nh5 7. Bg5 Be7 8. Bxe7 Nxe7 9. Ne5 Nf6 10. Rc1 0-0 11. Bd3 c6 12. c5 Nd7 13. f4 f5 14. 0-0 Rf6 15. g4 Nxe5 16. fxe5 Rh6 17. Qf3 Ng6 18. Qg3 Bd7 19. gxf5 exf5 20. Bxf5 Bxf5 21. Rxf5 Nh4 22. Rf4 Rg6 23. Rg4 Nf5 24. Qf4 Rxg4+ 25. Qxg4 Nxe3 26. Qf4 Nc4 27. b3 Na3 28. Rf1 Qe7 29. Kg2 Nc2 30. Qd2 Na3 31. Rf3 Qe6 32. Qf4 Nc2 33. Kf2 Re8 34. Ne2 Qe7 35. Qg4 h6 36. Kg3 Ne1 37. Rf6 Kh8 38. Rd6 Qf7 39. Nf4 Kh7 40. Rd7 Re7 41. Rxe7 Qxe7 42. Qf5+ Kg8 43. Ng6 Qf7 44. Qxf7+ Kxf7 45. Nf4 g5 46. Ne2 Kg6 47. h4 Kf5 48. hxg5 hxg5 49. Kf2 Nd3+ 0-1

[Event "San Francisco TNM Spring op"]
[Site "San Francisco"]
[Date "2010.04.13"]
[Round "5"]
[White "Kleiman, Charles"]
[Black "Manvelyan, Hovik"]
[Result "0-1"]
[WhiteElo "1742"]
[BlackElo "1959"]
[PlyCount "80"]
[EventDate "2010.03.16"]
[EventType "swiss"]
[EventRounds "8"]
[EventCountry "USA"]
[SourceTitle "EXT 2012"]
[Source "ChessBase"]
[SourceDate "2011.11.24"]
[SourceVersion "1"]
[SourceVersionDate "2011.11.24"]
[SourceQuality "1"]

1. d4 d5 2. c4 dxc4 3. Nc3 a6 4. a4 Nc6 5. Nf3 Nf6 6. e3 Na5 7. Nd2 Be6 8. Qc2 g6 9. Nce4 Nxe4 10. Qxe4 Bg7 11. Qc2 Qd5 12. Qe4 Qxe4 13. Nxe4 Nb3 14. Rb1 0-0 15. Bd2 Bf5 16. f3 Nxd2 17. Kxd2 b5 18. Ra1 e5 19. dxe5 Rfd8+ 20. Kc1 Bh6 21. Nf6+ Kh8 22. f4 Bf8 23. g4 Bd3 24. Bxd3 cxd3 25. axb5 axb5 26. Rxa8 Rxa8 27. Kd2 Rd8 28. Kc3 Bc5 29. e4 c6 30. Rd1 Bd4+ 31. Kb3 Be3 32. f5 Kg7 33. h4 Bf4 34. g5 Bxe5 35. Ng4 Bg3 36. f6+ Kf8 37. Rh1 d2 38. Ne3 Rd3+ 39. Kc2 Rxe3 40. h5 Re1 0-1

[Event "San Francisco TNM Winter op"]
[Site "San Francisco"]
[Date "2010.02.09"]
[Round "6"]
[White "Kleiman, Charles"]
[Black "Wong, Russell"]
[Result "0-1"]
[WhiteElo "1737"]
[BlackElo "2212"]
[PlyCount "84"]
[EventDate "2010.01.05"]
[EventType "swiss"]
[EventRounds "8"]
[EventCountry "USA"]
[SourceTitle "EXT 2012"]
[Source "ChessBase"]
[SourceDate "2011.11.24"]
[SourceVersion "1"]
[SourceVersionDate "2011.11.24"]
[SourceQuality "1"]

1. d4 Nf6 2. c4 c5 3. d5 e5 4. dxe6 fxe6 5. Nc3 Nc6 6. Bg5 Be7 7. e3 Qa5 8. Qd2 0-0 9. Nf3 a6 10. a3 h6 11. Bh4 Rb8 12. Rd1 b5 13. Bd3 b4 14. Ne2 bxa3 15. Qxa5 Nxa5 16. bxa3 Rb3 17. Ne5 Ng4 18. Bxe7 Nxe5 19. Bc2 Rb2 20. Bxf8 Kxf8 21. Bd3 Naxc4 22. Bxc4 Nxc4 23. a4 d5 24. Nf4 Ke7 25. Nd3 Ra2 26. 0-0 Kd6 27. Ra1 Rd2 28. Rfd1 Bd7 29. Rxd2 Nxd2 30. Ra2 Nb3 31. Kf1 c4 32. Nb4 a5 33. Nc2 e5 34. Ke1 Kc5 35. Kd1 d4 36. e4 d3 37. Ne3 c3 38. g3 Be6 39. Ra3 Kb4 40. Ra2 Nd4 41. Nd5+ Kb3 42. Ra1 Bg4+ 0-1

[Event "San Francisco TNM Fall op"]
[Site "San Francisco"]
[Date "2009.11.10"]
[Round "4"]
[White "Todortsev, Victor"]
[Black "Kleiman, Charles"]
[Result "1-0"]
[WhiteElo "1960"]
[BlackElo "1737"]
[PlyCount "103"]
[EventDate "2009.10.20"]
[EventType "swiss"]
[EventRounds "9"]
[EventCountry "USA"]
[SourceTitle "EXT 2012"]
[Source "ChessBase"]
[SourceDate "2011.11.24"]
[SourceVersion "1"]
[SourceVersionDate "2011.11.24"]
[SourceQuality "1"]

1. d4 Nf6 2. c4 e6 3. Nc3 d5 4. e3 c5 5. Nf3 Nc6 6. Bd3 cxd4 7. exd4 Be7 8. 0-0 0-0 9. Re1 h6 10. h3 dxc4 11. Bxc4 a6 12. a4 Bb4 13. Qd3 Qa5 14. Ne5 Rd8 15. Nxc6 bxc6 16. Re5 Qxe5 17. dxe5 Rxd3 18. Bxd3 Nd5 19. Ne4 Rb8 20. Bc4 Nb6 21. Be2 Bb7 22. Be3 Nd5 23. Bc5 Bc8 24. b3 Nc3 25. Nxc3 Bxc3 26. Rd1 Bxe5 27. Rd8+ Kh7 28. b4 Bc7 29. Re8 a5 30. b5 cxb5 31. Bxb5 Kg6 32. g3 Kf5 33. Re7 Bb6 34. Rxf7+ Kg6 35. Be8 Kh7 36. Bxb6 Rxb6 37. Ra7 Ra6 38. Rc7 Ra8 39. Bc6 Rb8 40. Ra7 Rb6 41. Be4+ Kg8 42. Rxa5 Ra6 43. Rc5 Bd7 44. a5 Ra7 45. f4 Kf7 46. Kf2 Ke7 47. Ke3 Kd6 48. Kd4 Ba4 49. Kc4 Bd7 50. Kb4 Ra6 51. Bb7 Ra7 52. a6 1-0

[Event "San Francisco TNM Fall op"]
[Site "San Francisco"]
[Date "2009.10.20"]
[Round "1"]
[White "Kleiman, Charles"]
[Black "Shakhnazarov, Oleg"]
[Result "0-1"]
[WhiteElo "1737"]
[BlackElo "2200"]
[PlyCount "85"]
[EventDate "2009.10.20"]
[EventType "swiss"]
[EventRounds "9"]
[EventCountry "USA"]
[SourceTitle "EXT 2012"]
[Source "ChessBase"]
[SourceDate "2011.11.24"]
[SourceVersion "1"]
[SourceVersionDate "2011.11.24"]
[SourceQuality "1"]

1. d4 Nf6 2. c4 g6 3. Nc3 Bg7 4. e4 d6 5. Nf3 0-0 6. Be2 Nbd7 7. 0-0 e5 8. dxe5 dxe5 9. Qc2 c6 10. h3 Qc7 11. Be3 Nh5 12. g3 Re8 13. Nh4 Ndf6 14. Kg2 Qd7 15. Rh1 Qe6 16. Rad1 Bf8 17. a3 Ng7 18. c5 Nd7 19. Na4 Qe7 20. Bc4 Ne6 21. b4 Nf4+ 22. Kh2 b5 23. cxb6 axb6 24. Nxb6 Nxb6 25. Bxb6 Rxa3 26. Bc5 Qf6 27. Qb2 Ra8 28. Bxf8 Rxf8 29. Qd2 Nxh3 30. Kg2 Ng5 31. f3 Ra3 32. Qd6 Rxf3 33. Qxf6 Rxf6 34. Rhe1 Bh3+ 35. Kg1 Rb8 36. Rb1 Rd6 37. Bf1 Be6 38. Bg2 Rd3 39. Kf2 Rd4 40. Ke3 Rbxb4 41. Rxb4 Rxb4 42. Ra1 Bc4 43. Nf3 0-1

[Event "Stamer Memorial"]
[Site "San Francisco"]
[Date "2006.06.04"]
[Round "6"]
[White "Kleiman, Charles"]
[Black "Riese, Kayven"]
[Result "0-1"]
[WhiteElo "1901"]
[BlackElo "1770"]
[PlyCount "176"]
[EventDate "2006.06.03"]
[EventType "swiss"]
[EventRounds "6"]
[EventCountry "USA"]
[SourceTitle "EXT 2024"]
[Source "ChessBase"]
[SourceDate "2023.10.10"]
[SourceVersion "1"]
[SourceVersionDate "2023.10.10"]
[SourceQuality "1"]

1. d4 Nf6 2. c4 e6 3. g3 Bb4+ 4. Bd2 Qe7 5. Bg2 Nc6 6. e3 a5 7. a3 Bxd2+ 8. Qxd2 d6 9. Nc3 e5 10. d5 Nb8 11. Nge2 Bd7 12. 0-0 0-0 13. b4 axb4 14. axb4 Na6 15. Qb2 Rfb8 16. Ra2 c5 17. dxc6 bxc6 18. Qa1 Nc7 19. b5 Rxa2 20. Qxa2 cxb5 21. Qa7 Qd8 22. cxb5 Nxb5 23. Nxb5 Rxb5 24. Rd1 Qb6 25. Qa8+ Ne8 26. Qa3 Rb1 27. Qd3 Rxd1+ 28. Qxd1 Bf5 29. Nc3 Qb2 30. e4 Qxc3 31. exf5 Qc5 32. Qa4 Kf8 33. Qa8 Qc7 34. Bc6 Qe7 35. Qb8 f6 36. g4 Kf7 37. Bxe8+ Qxe8 38. Qxd6 g5 39. Kf1 Qb5+ 40. Kg2 Qb7+ 41. Kg3 Kg7 42. Qe6 Qc7 43. Kg2 Qb7+ 44. f3 Qc7 45. h4 gxh4 46. g5 Qf7 47. gxf6+ Qxf6 48. Qd7+ Kh6 49. Kh3 Kg5 50. Qd2+ Kh5 51. Qd3 Qg5 52. Kh2 Qg3+ 53. Kh1 h3 54. Qe2 Kg5 55. Qe3+ Kxf5 56. Qd3+ Kg5 57. Qd8+ Kh6 58. Qf6+ Qg6 59. Qh4+ Kg7 60. Qe7+ Kg8 61. Qd8+ Kf7 62. Qd7+ Kf8 63. Qxh3 Qb1+ 64. Kg2 Qg6+ 65. Kf2 Qb6+ 66. Ke2 Qb2+ 67. Ke3 Qc3+ 68. Ke2 Qc4+ 69. Ke3 Qf4+ 70. Ke2 h6 71. Qc8+ Kf7 72. Qd7+ Kf6 73. Qd8+ Kg6 74. Qg8+ Kh5 75. Qe8+ Kh4 76. Qg8 Kh3 77. Qg6 Kh2 78. Kf2 Qg5 79. Qe4 h5 80. Kf1 Qg2+ 81. Ke1 Qg3+ 82. Kf1 h4 83. Qe2+ Kh1 84. Qe4 h3 85. Qe3 Qg2+ 86. Ke1 Qg1+ 87. Ke2 Qxe3+ 88. Kxe3 Kg2 0-1

[Event "San Francisco MI Fall op"]
[Site "San Francisco"]
[Date "2005.12.20"]
[Round "8"]
[White "Todortsev, Victor"]
[Black "Kleiman, Charles"]
[Result "1/2-1/2"]
[WhiteElo "1958"]
[BlackElo "1883"]
[PlyCount "87"]
[EventDate "2005.11.08"]
[EventType "swiss"]
[EventRounds "8"]
[EventCountry "USA"]
[SourceTitle "EXT 2007"]
[Source "ChessBase"]
[SourceDate "2006.11.23"]
[SourceVersion "1"]
[SourceVersionDate "2006.11.23"]
[SourceQuality "1"]

1. c4 e5 2. Nc3 Nf6 3. g3 d6 4. Bg2 c6 5. d4 Be7 6. e3 0-0 7. Nge2 Be6 8. b3 Nh5 9. 0-0 f5 10. f4 exf4 11. Nxf4 Nxf4 12. exf4 Bf7 13. Qd3 a5 14. Bb2 Na6 15. a3 Bf6 16. Rad1 Qd7 17. Na4 Rae8 18. d5 Bxb2 19. dxc6 bxc6 20. Nxb2 Rd8 21. Na4 Rfe8 22. Rd2 Qa7+ 23. Kh1 Re3 24. Qxf5 Rxb3 25. Rxd6 Rf8 26. Rd7 Rb7 27. Rfd1 Bxc4 28. Qg4 g6 29. Bxc6 Rxd7 30. Bxd7 Qe3 31. Kg2 Bb3 32. Rd6 Bxa4 33. Be6+ Kh8 34. Rxa6 Rb8 35. Qg5 Qd2+ 36. Kh3 Qd4 37. Rxa5 Bc6 38. Rc5 Bf3 39. Re5 Qd8 40. Re3 Qxg5 41. fxg5 Bc6 42. Bg4 Rb2 43. Bf3 Bd7+ 44. g4 1/2-1/2

[Event "San Francisco MI Fall op"]
[Site "San Francisco"]
[Date "2005.12.13"]
[Round "7"]
[White "Kleiman, Charles"]
[Black "Nochomovitz, Yigal"]
[Result "1-0"]
[WhiteElo "1883"]
[BlackElo "1765"]
[PlyCount "43"]
[EventDate "2005.11.08"]
[EventType "swiss"]
[EventRounds "8"]
[EventCountry "USA"]
[SourceTitle "EXT 2007"]
[Source "ChessBase"]
[SourceDate "2006.11.23"]
[SourceVersion "1"]
[SourceVersionDate "2006.11.23"]
[SourceQuality "1"]

1. d4 e6 2. Nf3 f5 3. c4 Nf6 4. Nc3 Be7 5. d5 d6 6. dxe6 Bxe6 7. Nd4 Bd7 8. Qc2 Qc8 9. e4 fxe4 10. Nxe4 0-0 11. Bd3 Qe8 12. Be3 Ng4 13. 0-0-0 Nxe3 14. fxe3 Nc6 15. a3 Ne5 16. Be2 Qg6 17. h3 Bg5 18. Nxg5 Qxg5 19. Qe4 Rae8 20. Rdf1 Nf3 21. Nxf3 Rxf3 22. Qxf3 1-0